• 首页
  • 本馆介绍
  • 公告通知
  • 最新文献
  • 馆藏检索
  • 电子资源
  • 读者导购
  • 参考咨询
  • 我的图书馆
  • 登录
  • 详细信息显示
  • 放入我的书架
  • 预约/预借图书
  • 作者相关作品
  • 分类相关作品
  • 丛书相关作品
  • 出版社相关作品

书目信息

  • 表格格式
  • 工作单格式
  • 卡片格式
题名:
高速铁路客运服务礼仪
    
 
作者: 张英姿 主编
分册:  
出版信息: 北京   北京交通大学出版社  2017.09
页数: 192页
开本: 26cm
丛书名:
单 册:
中图分类: F530.9 , U293.3
科图分类:
主题词: 高速铁路--客运服务--乘务人员--礼仪--高等教育--教材 , 铁路运输--管理工程
电子资源:
ISBN: 978-7-5121-3364-8
000 01010nam0 2200253 450
001 4873
005 20221010161210.25
010    @a978-7-5121-3364-8@dCNY39.80
100    @a20180217d2017 em y0chiy50 ea
101 0  @achi
102    @aCN@b110000
105    @aa z 000yy
200 1  @a高速铁路客运服务礼仪@9gao su tie lu ke yun fu wu li yi@f张英姿主编
210    @a北京@c北京交通大学出版社@d2017.09
215    @a192页@c图,彩照@d26cm
300    @a普通高等教育“十三五”规划教材·高速铁路系列 全国行业紧缺人才、关键岗位从业人员培训推荐教材
330    @a本书对高速铁路客运服务礼仪进行了介绍,内容包括:客运服务礼仪基础认知、高速铁路车站客运服务礼仪、动车组乘务服务礼仪、涉外礼仪、铁路路风管理、非正常情况下的客运服务礼仪、常用客运服务技巧。
606 0  @a高速铁路@x客运服务@x乘务人员@x礼仪@x高等教育@j教材
606 0  @a铁路运输@x管理工程
690    @aF530.9@v5
690    @aU293.3@v4
701  0 @a张英姿@9zhang ying zi@f(1980-)@4主编
801  0 @aCN@b91MARC@c20180217
905    @aMuseLib@dU293.3@e768
    
    高速铁路客运服务礼仪/张英姿主编.-北京:北京交通大学出版社,2017.09
    192页:图,彩照;26cm
    普通高等教育“十三五”规划教材·高速铁路系列 全国行业紧缺人才、关键岗位从业人员培训推荐教材
    
    ISBN 978-7-5121-3364-8:CNY39.80
    本书对高速铁路客运服务礼仪进行了介绍,内容包括:客运服务礼仪基础认知、高速铁路车站客运服务礼仪、动车组乘务服务礼仪、涉外礼仪、铁路路风管理、非正常情况下的客运服务礼仪、常用客运服务技巧。
●
相关链接 在E读中查询图书 在五车中查询图书 在当当中查询图书 在豆瓣中查询图书


正题名:高速铁路客运服务礼仪     索取号:U293.3/768         预约/预借

序号 登录号 条形码 馆藏地/架位号 状态 备注
1 1127017   211270177   第二样本阅览室/ [索取号:U293.3/768] 在馆    
2 1127018   211270186   第三借阅区/ [索取号:U293.3/768] 在馆    
3 1127019   211270195   第三借阅区/ [索取号:U293.3/768] 在馆    
4 1127020   211270202   第三借阅区/ [索取号:U293.3/768] 在馆    
5 1127021   211270211   资源管理系资料室/ [索取号:U293.3/768] 在馆    
唐山师范学院图书馆 欢迎您!
大连网信软件有限公司© 版权所有